=LDR 00000nam 2200000 4500 =001 INLIS000000000050103 =005 20170419104149.0 =006 =007 =008 =020 ##$$a 97B-602-73414-9-4 =035 ##$$0010-041700000000293 =040 ##$$a NBPDMAT =082 ##$$a 412.3 =090 ##$$a 412.3 SUT k =100 ##$$a Sutrisno =245 ##$$a Kamus populer lengkap Inggris - Indonesia, Indonesia - Inggris / $c Sutrisno =250 ##$$a Cet. 1. =260 ##$$a Depok : Senja Media Utama, 2016 =300 ##$$a 868 hlm, ; 20 cm. =650 ##$$a KAMUS =850 ##$$a NBPDMAT